Introducción a la fe

保存先:
書誌詳細
第一著者: Bars, Henry (著者)
フォーマット: 図書
言語:スペイン語
出版事項: Burgos Aldecoa 1965
主題:
タグ: タグ追加
タグなし, このレコードへの初めてのタグを付けませんか!

MARC

LEADER 00000nam a2200000 a 4500
001 UCL1816
003 CL-VaPUC
008 030926e19650000SP |||||||||||||||||spa|d
082 0 4 |a 234.23  |b BAR  |2 21 
100 0 |a Bars, Henry  |e author  |9 478648 
245 1 0 |a Introducción a la fe 
300 |a 194 p 
942 |c BK 
945 |d 20030926 00:00:00  |a vberengu 
260 |a Burgos  |b Aldecoa  |c 1965 
650 0 |a Fe  |9 308036 
650 0 |a Creencia Religiosa  |9 316904 
650 0 |a Teología cristiana  |9 308336 
583 |a last modification  |c 20030926 00:00:00  |k Rodrigo Vera 
999 |c 305256  |d 305254 
952 |0 0  |1 0  |4 0  |6 234_230000000000000_BAR_1965  |7 0  |8 A  |9 368381  |a BIBTEO  |b BIBTEO  |d 2019-11-21  |i 207902K  |o 234.23 BAR 1965  |p 207902K  |r 2025-01-17  |w 2019-11-21  |y BK  |k ICR